000
00327nam a2200169Ia 4500
100
_a
Pillai/Radhakrishnan
650
_a
Chanakya
942
_c
BK
366
_f
25
654
_a
chanakya
245
_a
Thus spoke chanakya
260
_b
Jaico
_c
2018
082
_b
PIL
300
_a
246
546
_a
ENGLISH
999
_c
24888
_d
24888